| 000 | 01089nas a2200349 4500 | ||
|---|---|---|---|
| 001 | BR2016004636 | ||
| 003 | BR-BrBNA | ||
| 005 | 20231205130711.0 | ||
| 007 | ta | ||
| 008 | 230509b bl.|||p| |||| 00| 00por d | ||
| 040 |
_aBR-BrBNA _bpor _cBiblioteca Nacional de Agricultura |
||
| 041 | _a(Pt) | ||
| 072 | _aF30 | ||
| 100 | 1 | _aSilva, D.F.G. | |
| 100 | 1 | _aCoelho, C. de J. | |
| 100 | 1 | _aRomanek, C. | |
| 100 | 1 | _aGardingo, J.R. | |
| 100 | 1 | _aSilva, A.R. da | |
| 100 | 1 | _aGraczyki, B.L. | |
| 100 | 1 | _aOliveira, E.A.T. | |
| 100 | 1 | _aMatiello, R.R. | |
| 245 | 1 | _aDissimilaridade genética e definição de grupos de recombinação em progênies de meios-irmãos de milho-verde | |
| 650 | _aMILHO VERDE | ||
| 650 | _aESPIGA | ||
| 650 | _aRENDIMENTO | ||
| 650 | _aGENÉTICA VEGETAL | ||
| 650 | _aPROGÊNIE | ||
| 773 | 0 |
_tBragantia (Brazil) _xISSN 1678-4499 _g(Oct-Dec 2016), v. 75(4) p. 401-410 _wBR2016004636 |
|
| 856 | 4 | 0 | _uhttp://www.scielo.br/pdf/brag/v75n4/pt_0006-8705-brag-1678-4499343.pdf |
| 909 |
_a202311 _bLúcia _c55 _dLúcia Elande |
||
| 942 |
_2AGRIS _n0 _cANA |
||
| 999 |
_c250751 _d250751 |
||